Nenažraná koza /

Obrázkový příběh o nezbedné koze, která se rozhodla ochutnat na farmě všelicos.

Hlavní autor: Horáček, Petr, 1967-
Další autoři: Waclawičová, Martina, 1979-
Jazyk: Čeština
Vydáno: V Praze : Albatros, 2019
Vydání: 1. vydání
Témata:
Fyzický popis: 26 nečíslovaných stran : barevné ilustrace ; 28 cm
Knihy
Uloženo v:
LEADER 02351nam a2200517 i 4500
001 nkc20193096616
003 CZ PrNK
005 20200819155026.0
007 ta
008 190506s2019 xr a a 000 j cze
015 |a cnb003096616 
020 |a 978-80-00-05471-1  |q (vázáno) :  |c Kč 249,00 
035 |a (OCoLC)1104143413 
040 |a ABG001  |b cze  |d OLA001  |e rda 
041 1 |a cze  |h eng 
072 7 |a 821.111-3  |x Anglická próza, anglicky psaná  |2 Konspekt  |9 25 
072 7 |a 821-93  |x Literatura pro děti a mládež (beletrie)  |2 Konspekt  |9 26 
080 |a 821.111-32  |2 MRF 
080 |a 821-93  |2 MRF 
080 |a (0:82-32)  |2 MRF 
080 |a (0.027.6)74/77  |2 MRF 
100 1 |a Horáček, Petr,  |d 1967-  |7 xx0151165  |4 aut  |4 ill 
245 1 0 |a Nenažraná koza /  |c Petr Horáček ; z anglického originálu přeložila Martina Waclawičová 
250 |a 1. vydání 
264 1 |a V Praze :  |b Albatros,  |c 2019 
300 |a 26 nečíslovaných stran :  |b barevné ilustrace ;  |c 28 cm 
336 |a text  |b txt  |2 rdacontent 
336 |a statický obraz  |b sti  |2 rdacontent 
337 |a bez média  |b n  |2 rdamedia 
338 |a svazek  |b nc  |2 rdacarrier 
520 2 |a Obrázkový příběh o nezbedné koze, která se rozhodla ochutnat na farmě všelicos.  |b Jednoho rána si koza řekla, že už ji nebaví se pást a šla vyzkoušet, jak chutná žrádlo ostatních zvířat na farmě. Pejskovo, kočičí i to prasátkovo chutnalo znamenitě, když však sežrala ještě květinu, střevíc a farmářovy trenýrky, které visely na šňůře, udělalo se jí ohromně špatně. Jak to s nenažranou kozou nakonec dopadlo, se dozvíte v knížce, která je plná nádherných ilustrací. 
521 8 |a Pro děti od 3 let 
655 7 |a anglicky psané příběhy  |7 fd183173  |2 czenas 
655 7 |a publikace pro děti  |7 fd133156  |2 czenas 
655 7 |a autorské knihy  |7 fd756049  |2 czenas 
655 9 |a stories in English  |2 eczenas 
655 9 |a children's literature  |2 eczenas 
655 9 |a authors' books  |2 eczenas 
700 1 |a Waclawičová, Martina,  |d 1979-  |7 mzk2008473184  |4 trl 
910 2 |a BOA001  |b 3-1427.467 
920 |a 4476799  |z ABG001 
928 9 |a Albatros Media - Albatros 
990 |a BK 
995 |a 01 
991 |b 201905  |c NOV 
996 6 |b 2610781156  |c 3-1427.467  |l MZK  |r Sklad / do 1 hodiny  |n 2  |p p.v.  |w 001722988  |u 000010  |a 1  |e BOA001  |j MZK50  |s P